000 00493nam a22001817a 4500
003 MPLRDC
005 20220104123934.0
008 210129b ||||| |||| 00| 0 eng d
020 _a7-80510-679-7
082 _a578.219 WJJ
100 _a王晴佳、陈兼主编
245 _a中西历史论辩集: 留美历史学者学术文汇
_c
250 _a一版一刷
260 _a
_b学林出版社
_c1992
300 _b
650 _a中国外交--国际地位
942 _cBK
_o578.219 WJJ
999 _c15372
_d15362